Normal view
MARC view
Entry Topical Term
001 - CONTROL NUMBER
- control field: 1132542
003 - CONTROL NUMBER IDENTIFIER
- control field: OSt
005 - DATE AND TIME OF LATEST TRANSACTION
- control field: 20260319122211.0
008 - FIXED-LENGTH DATA ELEMENTS
- fixed length control field: 260319|| aca||aabn | a|a d
040 ## - CATALOGING SOURCE
- Original cataloging agency: OSt
- Transcribing agency: OSt
150 ## - HEADING--TOPICAL TERM
- Topical term or geographic name entry element: Urban Society
670 ## - SOURCE DATA FOUND
- Source citation: Work cat.: (OSt)1715759: Urbanised society in the age of cities: Spatial governance for transforming the urban space, 2025
